000 01424nam a2200217 a 4500
008 190508s2007 ||||||||||||||||| || u
050 _aCTA(08)PGS/9A
110 _aTechnical Centre for Agricultural and Rural Cooperation (CTA)
245 1 0 _aMake a living through fish farming
_cby Technical Centre for Agricultural and Rural Cooperation [CTA]
260 _aWageningen:
_bTechnical Centre for Agricultural and Rural Cooperation (CTA)
_c2007
300 _a6p.: ill.
490 _aCTA(08)PGS/9A
650 _aFISH CULTURE
650 _aFISH FARMING
650 _aFISH FARMING--ECONOMIC ASPECTS
650 _aFISH AS FOOD
995 _aSPECIAL COLLECTIONS
_e3920
_FCBU-MAIN LIBRARY (Kitwe)
_jCTA(08)PGS/9C
_M1
_UAVAILABLE
_WMay 8, 2019
_XTechnical Centre for Agriculture and Rural Cooperation
_yB3920
_ZInternational Publications
995 _aSPECIAL COLLECTIONS
_e3921
_FCBU-MAIN LIBRARY (Kitwe)
_jCTA(08)PGS/9C
_M1
_UAVAILABLE
_WMay 8, 2019
_XTechnical Centre for Agriculture and Rural Cooperation
_yB3921
_ZInternational Publications
995 _aSPECIAL COLLECTIONS
_e3918
_FCBU-MAIN LIBRARY (Kitwe)
_jCTA(08)PGS/9A
_M1
_UAVAILABLE
_WMay 8, 2019
_XTechnical Centre for Agriculture and Rural Cooperation
_yB3918
_ZInternational Publications
995 _aSPECIAL COLLECTIONS
_e3919
_FCBU-MAIN LIBRARY (Kitwe)
_jCTA(08)PGS/9B
_M2
_UAVAILABLE
_WMay 8, 2019
_XTechnical Centre for Agriculture and Rural Cooperation
_yB3919
_ZInternational Publications
999 _c82325
_d82325